000 00427nam a2200169Ia 4500
008 220803s9999 xx 000 0 und d
020 _a81-907-2650-1
041 _aeng
082 _a720.92 DOS
100 _aDoshi B
_929066
245 _aPaths Uncharted
260 _aAhmedabad
_bVastu Shilpa Foundation
_c2011
300 _a439p
500 _aArchitecture
650 _aMaster Architects
_929067
700 _aDoshi B
_929066
999 _c18278
_d18278